000 00579nam a2200193Ia 4500
008 120924t2007 xxu||||| |||| 00| 0 sin d
041 _asin
080 _a8-3 (Youth)
_bBLY
100 _aBlyton,Enid
245 _aවෘක රාළට අං ඇවිත්
246 _aWurka Ralata An Awith
260 _aMalpiyali Publishers
_aDankotuwa
_c2007
300 _b102p, ill, 17 cm
500 _aSinhalese Translation of E.Blyton's of The Brer Rabbit Story
700 _aSiriwardhane,Kumara
_etr.
942 _cBK
999 _c43481
_d43481
003 LK-CoDNM
040 _aLK-CoDNM
_dLK-CoDNM
_eLK-CoDNM